000 00658cam a22002053a 4500
001 45528
003 PGUSA
005 20140828084043.0
008 140429s2014||||xxu|||||s|||||000 | eng d
040 _aPGUSA
_beng
042 _adc
100 1 _aMacGrath, Harold,
_d1871-1932
245 1 4 _aThe Best Man :
_bThe Best Man; Two Candidates; The Advent of Mr. "Shifty" Sullivan; The Girl and the Poet
_h[electronic resource] /
_cHarold MacGrath
260 _bProject Gutenberg,
_c2014
506 _aPublic domain in the USA.
516 _aElectronic text
830 0 _aProject Gutenberg
_v45528
856 4 0 _uhttp://www.gutenberg.org/ebooks/45528
942 _cEB
999 _c274779
_d274779